Ziehe die Grenze Deutschlands nach - Statistiken

Allgemein
  • Dieses Quiz wurde 6.295 mal gespielt
    6.236 seit der letzten Aktualisierung
  • Das Durchschnittsergebnis liegt bei 12 aus 15
Antworten auf der Karte
Die Antworten werden auf der Karte rot bzw. grün angezeigt, abhängig davon wie oft sie richtig erraten wurden.
 
Antwortstatistiken
Bundesland % Korrekt
Schleswig-Holstein
99%
Mecklenburg-Vorpommern
95%
Brandenburg
93%
Sachsen
93%
Bayern
92%
Baden-Württemberg
91%
Rheinland-Pfalz
87%
Saarland
87%
Nordrhein-Westfalen
75%
Niedersachsen
73%
Rheinland-Pfalz
71%
Bremen
69%
Niedersachsen
64%
Hamburg
62%
Schleswig-Holstein
60%
Keine übereinstimmenden Quizze gefunden
Verteilung der Resultate
Anzahl Personen mit jedem Resultat
Perzentil nach korrekt beantworteten Fragen
Ihre Resultats-Entwicklung
Sie haben dieses Quiz seit der letzten Aktualisierung nicht gespielt